Nachbarstaaten der Elfenbeinküste - Statistiken

Allgemein
  • Dieses Quiz wurde 16 mal gespielt
  • Das Durchschnittsergebnis liegt bei 5 aus 5
Antwortstatistiken
Nachbarstaaten % Korrekt
Guinea
100%
Mali
100%
Burkina Faso
88%
Ghana
88%
Liberia
81%
Keine übereinstimmenden Quizze gefunden
Verteilung der Resultate
Anzahl Personen mit jedem Resultat
Perzentil nach korrekt beantworteten Fragen
Ihre Resultats-Entwicklung
Sie haben dieses Quiz noch nicht gespielt